000 00751nam a2200217Ii 4500
003 JO-AjNU
008 230605s9999||||xx |||||||||||||| ||und||
017 _a2008/4/1277
040 _aJO-AjNU
_bara
_erda
_cJO-AjNU
041 _aara
050 1 4 _aHD30.28.A35.2009
100 3 _aأحمد،محمد سمير,
_eauthor
_927765
245 0 0 _aالادارة الاستراتيجية وتنمية الموارد البشرية
250 _aط1
264 3 1 _aعمان:دار المسيرة للنشر والتوزيع والطباعة،2009
300 _a344ص
336 _atext
_btxt
_2rdacontent
337 _aunmediated
_bn
_2rdamedia
338 _avolume
_bnc
_2rdacarrier
650 4 _aادارة الاعمال-تنمية الموارد
_927766
999 _aA10689
_c14257
_d14257